[Event "2nd IMSA Basque 2017"]
[Site "Huai'an CHN"]
[Date "2017.12.14"]
[Round "1.1"]
[White "Harikrishna, Pentala"]
[Black "Mamedov, Rauf"]
[Result "1-0"]
[WhiteTitle "GM"]
[BlackTitle "GM"]
[WhiteElo "2744"]
[BlackElo "2709"]
[WhiteFideId "5007003"]
[BlackFideId "13401653"]
[EventDate "2017.12.14"]

1. e4 c5 2. Nf3 Nc6 3. d4 cxd4 4. Nxd4 g6 5. c4 Nf6 6. Nc3 d6 7. Be2 Nxd4 8.
Qxd4 Bg7 9. Be3 O-O 10. Qd2 a5 11. Rd1 a4 12. O-O Be6 13. Bd4 Qa5 14. Qe3 Nd7
15. f4 Rac8 16. b3 axb3 17. axb3 Bxd4 18. Rxd4 Nf6 19. Kh1 Qb6 20. f5 Bd7 21.
Nd5 Nxd5 22. exd5 Kh8 23. Bd3 Ra8 24. h3 Bxf5 25. Bxf5 gxf5 26. Rxf5 f6 27. Kh2
Rg8 28. Rh5 Rg7 29. Qd3 Rag8 30. Rg4 Qf2 31. Qe4 Qb2 32. Qe6 Qf2 33. Qe4 b6 34.
b4 Qb2 35. Qe6 Qf2 36. Qe4 f5 37. Rxg7 Rxg7 38. Qf3 Qxf3 39. gxf3 Rf7 40. Kg3
Rf8 41. Kf4 Kg7 42. b5 Rc8 43. Kxf5 Rxc4 44. Ke6 Rb4 45. Rg5+ Kf8 46. Rf5+ Ke8
47. Rf7 Rxb5 48. Rxe7+ Kf8 49. Rxh7 Rb3 50. Kxd6 Rxf3 51. Kc6 Rc3+ 52. Kxb6 Ke8
53. h4 Rb3+ 54. Kc6 Rc3+ 55. Kd6 Ra3 56. h5 Ra6+ 57. Ke5 Ra1 58. h6 Ra2 1-0

[Event "2nd IMSA Basque 2017"]
[Site "Huai'an CHN"]
[Date "2017.12.14"]
[Round "1.2"]
[White "Mamedov, Rauf"]
[Black "Harikrishna, Pentala"]
[Result "0-1"]
[WhiteTitle "GM"]
[BlackTitle "GM"]
[WhiteElo "2709"]
[BlackElo "2744"]
[WhiteFideId "13401653"]
[BlackFideId "5007003"]
[EventDate "2017.12.14"]

1. e4 c5 2. Nf3 e6 3. c3 Nf6 4. e5 Nd5 5. Bc4 Nb6 6. Bb3 d6 7. d4 cxd4 8. cxd4
dxe5 9. Nxe5 Nc6 10. Qf3 Bb4+ 11. Nc3 O-O 12. Nxc6 bxc6 13. O-O Qxd4 14. Rd1 Qh4
15. Ne4 e5 16. Bg5 Qg4 17. a3 Qxf3 18. gxf3 Ba5 19. Rac1 Nd5 20. Rxc6 Nf4 21.
Bxf4 exf4 22. Ng5 h6 23. Ne4 Rb8 24. Rd3 Bb7 25. Rc5 Ba6 26. Rd7 Rxb3 27. Rxa5
Bc8 28. Rd2 Bh3 29. Rxa7 Rc8 30. Rd1 Rxb2 31. Ra5 Rc6 32. Kh1 Rg6 0-1

[Event "2nd IMSA Basque 2017"]
[Site "Huai'an CHN"]
[Date "2017.12.14"]
[Round "1.1"]
[White "Grischuk, Alexander"]
[Black "Korobov, Anton"]
[Result "1-0"]
[WhiteTitle "GM"]
[BlackTitle "GM"]
[WhiteElo "2772"]
[BlackElo "2652"]
[WhiteFideId "4126025"]
[BlackFideId "14105730"]
[EventDate "2017.12.14"]

1. e4 c5 2. Nc3 Nc6 3. Bb5 Nd4 4. Nf3 Nf6 5. e5 Nxb5 6. Nxb5 Nd5 7. Ng5 f6 8.
Qf3 e6 9. Ne4 Qb6 10. Nbd6+ Bxd6 11. Nxd6+ Ke7 12. Qg3 Rg8 13. d3 fxe5 14. Nc4
Qc7 15. Nxe5 d6 16. Bg5+ Ke8 17. Nc4 e5 18. O-O b5 19. Nd2 Be6 20. Ne4 Kd7 21.
c4 Nf4 22. Bxf4 exf4 23. Qxf4 Raf8 24. Qd2 b4 25. Rfe1 Bf5 26. d4 Qc6 27. d5 Qc8
28. a3 b3 29. Qa5 Qc7 30. Qb5+ Kd8 31. Qxb3 Re8 32. Nc3 Qb6 33. Qa4 Bd7 34. Qc2
Rxe1+ 35. Rxe1 Re8 36. Re3 Rxe3 37. fxe3 g6 38. h3 Kc8 39. Nd1 Qd8 40. Nf2 Qf6
41. Qd2 Qe5 42. e4 a5 43. Qc3 Qxc3 44. bxc3 Ba4 45. Ng4 Bc2 46. e5 Bb3 47. exd6
Bxc4 48. Ne5 Bxd5 49. h4 1-0

[Event "2nd IMSA Basque 2017"]
[Site "Huai'an CHN"]
[Date "2017.12.14"]
[Round "1.2"]
[White "Korobov, Anton"]
[Black "Grischuk, Alexander"]
[Result "1/2-1/2"]
[WhiteTitle "GM"]
[BlackTitle "GM"]
[WhiteElo "2652"]
[BlackElo "2772"]
[WhiteFideId "14105730"]
[BlackFideId "4126025"]
[EventDate "2017.12.14"]

1. d4 e6 2. c4 f5 3. g3 Nf6 4. Bg2 d5 5. Nh3 Bd6 6. O-O O-O 7. Bf4 Be7 8. Nd2
Nc6 9. Nf3 dxc4 10. Rc1 Ne4 11. Be3 Nb4 12. Rxc4 b5 13. Rxb4 Bxb4 14. Nfg5 Rb8
15. Nxe4 fxe4 16. Qb3 Bd6 17. Bxe4 Qe7 18. Ng5 h6 19. Nf3 Bb7 20. Bxb7 Rxb7 21.
Rc1 a5 22. Qd3 a4 23. Qe4 Rbb8 24. Ne5 Bxe5 25. Qxe5 Qd6 26. Qe4 Qd5 27. Qxd5
exd5 28. Rc5 c6 29. Bf4 Rbc8 30. Be5 Kf7 31. Kg2 h5 32. f4 g6 33. Kf3 Ke6 34. e4
Rfd8 35. h3 Rd7 36. g4 hxg4+ 37. hxg4 dxe4+ 38. Kxe4 Rh7 39. Rc1 Rh4 40. Kf3
Rh3+ 41. Ke4 Rh4 42. Rg1 Kd7 43. Rg2 Ke6 44. a3 Re8 45. Rg1 Rc8 46. Rg3 Re8 47.
Rg2 Rc8 48. Rg1 Re8 49. Rc1 Rc8 50. Kf3 Rh3+ 51. Ke4 Rh4 52. Kf3 Rh3+ 53. Ke4 1/2-1/2

[Event "2nd IMSA Basque 2017"]
[Site "Huai'an CHN"]
[Date "2017.12.14"]
[Round "1.1"]
[White "Le, Quang Liem"]
[Black "Ding, Liren"]
[Result "1/2-1/2"]
[WhiteTitle "GM"]
[BlackTitle "GM"]
[WhiteElo "2737"]
[BlackElo "2777"]
[WhiteFideId "12401137"]
[BlackFideId "8603677"]
[EventDate "2017.12.14"]

1. d4 Nf6 2. c4 e6 3. Nc3 Bb4 4. e3 O-O 5. Bd3 d5 6. Nf3 dxc4 7. Bxc4 c5 8. O-O
cxd4 9. exd4 b6 10. Bg5 Bb7 11. Rc1 Nc6 12. a3 Be7 13. Ba2 Rc8 14. Qd3 h6 15.
Be3 Bd6 16. Rfd1 Ne7 17. Ne5 Bxe5 18. dxe5 Qxd3 19. Rxd3 Nfd5 20. Bd2 Nxc3 21.
Rdxc3 Rxc3 22. Bxc3 Rc8 23. f3 Bd5 24. Bb1 g5 25. Kf2 Kg7 26. Rd1 h5 27. Rd4 Ng6
28. Ra4 Rc7 29. Bd3 Nf4 30. Bf1 Bb3 31. Rb4 Bc2 32. Bd2 Bf5 33. Rc4 Rd7 34. Bxf4
gxf4 35. Ke1 Rd5 36. Rxf4 Rxe5+ 37. Kd2 Rd5+ 38. Ke3 Rd1 39. Be2 Rb1 40. Rb4 Kf6
41. h4 Bg6 42. g4 e5 43. g5+ Ke7 44. a4 Kd6 45. Kd2 Rh1 46. Bd3 e4 47. fxe4 Ke5
48. Rb5+ Kf4 49. Rb4 Ke5 50. Rb5+ Kf4 51. a5 bxa5 52. Rxa5 Rxh4 53. b4 Bxe4 54.
Bxe4 Kxe4 55. Rxa7 Rg4 56. Rxf7 Rxg5 57. Kc3 Rf5 58. Rd7 Kf3 59. Kc4 h4 60. b5
h3 61. Rh7 Kg2 62. b6 Rf8 63. b7 h2 64. Rg7+ Kh3 65. Rh7+ Kg2 66. Rg7+ Kh3 67.
Rh7+ 1/2-1/2

[Event "2nd IMSA Basque 2017"]
[Site "Huai'an CHN"]
[Date "2017.12.14"]
[Round "1.2"]
[White "Ding, Liren"]
[Black "Le, Quang Liem"]
[Result "1-0"]
[WhiteTitle "GM"]
[BlackTitle "GM"]
[WhiteElo "2777"]
[BlackElo "2737"]
[WhiteFideId "8603677"]
[BlackFideId "12401137"]
[EventDate "2017.12.14"]

1. Nf3 c5 2. g3 Nc6 3. Bg2 g6 4. c3 Bg7 5. d4 cxd4 6. cxd4 d5 7. Nc3 Nh6 8. O-O
Nf5 9. e3 O-O 10. b3 e6 11. Ba3 Re8 12. Rc1 Bd7 13. Qe2 Rc8 14. Rfd1 Qa5 15. Qb2
b5 16. Bc5 b4 17. Na4 e5 18. dxe5 Nxe5 19. Nxe5 Bxa4 20. Bd4 Rxc1 21. Rxc1 Nxd4
22. exd4 Bxe5 23. dxe5 Bd7 24. Qd4 Be6 25. Rc2 Qb6 26. Qxb6 axb6 27. f4 d4 28.
Kf2 Rd8 29. Be4 Bd5 30. Bxd5 Rxd5 31. Kf3 Kf8 32. Ke4 Rc5 33. Rd2 Ke7 34. g4 Ra5
35. Kxd4 Rc5 36. Ke4 Rc1 37. f5 Re1+ 38. Kd5 gxf5 39. gxf5 f6 40. exf6+ Kxf6 41.
Kc4 Re4+ 42. Rd4 Rxd4+ 43. Kxd4 Kxf5 44. Kc4 Kg4 45. Kxb4 Kh3 46. Kb5 Kxh2 47.
Kxb6 h5 48. a4 h4 49. a5 h3 50. a6 Kg1 51. a7 h2 52. a8=Q h1=Q 53. Qxh1+ Kxh1
54. b4 Kg2 55. b5 Kf3 56. Kc5 Ke4 57. b6 Ke5 58. b7 Ke6 59. b8=Q Kf5 60. Kd5 Kg4
61. Ke4 Kg5 62. Qf8 Kg6 63. Ke5 Kh7 64. Qf6 Kg8 65. Qe7 Kh8 66. Kf6 1-0

[Event "2nd IMSA Basque 2017"]
[Site "Huai'an CHN"]
[Date "2017.12.14"]
[Round "1.1"]
[White "Yu, Yangyi"]
[Black "Andreikin, Dmitry"]
[Result "1-0"]
[WhiteTitle "GM"]
[BlackTitle "GM"]
[WhiteElo "2751"]
[BlackElo "2712"]
[WhiteFideId "8603820"]
[BlackFideId "4158814"]
[EventDate "2017.12.14"]

1. d4 d5 2. c4 c6 3. Nf3 Nf6 4. Nc3 a6 5. c5 Bf5 6. Qb3 Qc8 7. Nh4 g6 8. Nxf5
gxf5 9. h3 Bg7 10. g4 fxg4 11. hxg4 Nxg4 12. f3 Nf6 13. Bf4 Nfd7 14. e3 e5 15.
Bh6 Bxh6 16. Rxh6 Qd8 17. f4 exd4 18. exd4 Qc7 19. Rd6 b6 20. Nxd5 cxd5 21. Qxd5
bxc5 22. O-O-O cxd4+ 23. Bc4 Kd8 24. Kb1 Ra7 25. Qxd4 Re8 26. Bxf7 Nc6 27. Qc3
Rf8 28. Qg7 1-0

[Event "2nd IMSA Basque 2017"]
[Site "Huai'an CHN"]
[Date "2017.12.14"]
[Round "1.2"]
[White "Andreikin, Dmitry"]
[Black "Yu, Yangyi"]
[Result "1/2-1/2"]
[WhiteTitle "GM"]
[BlackTitle "GM"]
[WhiteElo "2712"]
[BlackElo "2751"]
[WhiteFideId "4158814"]
[BlackFideId "8603820"]
[EventDate "2017.12.14"]

1. e4 e5 2. Nf3 Nf6 3. Nxe5 d6 4. Nf3 Nxe4 5. Bd3 Nf6 6. O-O Be7 7. c3 O-O 8.
Bc2 c5 9. d4 Be6 10. Bg5 h6 11. Bxf6 Bxf6 12. Re1 Bg4 13. dxc5 dxc5 14. Nbd2 Nc6
15. h3 Bxf3 16. Nxf3 Qxd1 17. Raxd1 Rad8 18. Be4 Rxd1 19. Rxd1 Rd8 20. Rxd8+
Nxd8 21. Kf1 Kf8 22. Ke2 Ke7 23. Kd3 b5 24. a4 a6 25. axb5 axb5 26. c4 bxc4+ 27.
Kxc4 Bxb2 28. Kxc5 Ne6+ 29. Kc4 Ba3 30. Ne1 Bd6 31. Nd3 Nf4 32. Nxf4 Bxf4 33.
Kd3 Bd6 34. Ke2 g6 35. Bd3 f5 36. Bc2 Kf6 37. Bb3 h5 38. Ba2 h4 39. Bb3 Be5 40.
Bc2 Bd6 41. Bd3 Be5 42. Bb5 Bd6 43. Bc4 Bc7 44. Bd3 Bd6 45. Bc4 Bc7 46. Bd3 Bd6
47. Bc4 Bc7 1/2-1/2

[Event "2nd IMSA Basque 2017"]
[Site "Huai'an CHN"]
[Date "2017.12.14"]
[Round "1.1"]
[White "Artemiev, Vladislav"]
[Black "Wang, Hao"]
[Result "1/2-1/2"]
[WhiteTitle "GM"]
[BlackTitle "GM"]
[WhiteElo "2691"]
[BlackElo "2709"]
[WhiteFideId "24101605"]
[BlackFideId "8602883"]
[EventDate "2017.12.14"]

1. Nf3 d5 2. g3 g6 3. Bg2 Bg7 4. c4 dxc4 5. Qa4+ Nc6 6. Qxc4 e5 7. O-O Nge7 8.
Nc3 O-O 9. d3 Nd4 10. Nxd4 exd4 11. Ne4 Be6 12. Qc2 Bd5 13. Bg5 f6 14. Bf4 c6
15. Qc5 b6 16. Qd6 g5 17. Bd2 h6 18. g4 f5 19. gxf5 Nxf5 20. Qxd8 Raxd8 21. a4
Nd6 22. Ng3 Bxg2 23. Kxg2 c5 24. Rfc1 Rc8 25. Rc2 Be5 26. a5 Rfe8 27. axb6 axb6
28. Ra6 Bxg3 29. hxg3 Rxe2 30. Rxb6 Rf8 31. Rxd6 Rfxf2+ 32. Kg1 Rxd2 33. Rxc5
Rg2+ 34. Kh1 Rh2+ 35. Kg1 Rdg2+ 36. Kf1 Rxb2 37. Kg1 Rhd2 38. Rc1 Rxd3 39. Rxh6
Rxg3+ 40. Kh1 g4 41. Rd6 Rb7 42. Rc8+ Kg7 43. Rxd4 Kf6 44. Rf8+ Ke5 45. Rd2 Rh7+
46. Rh2 Rxh2+ 47. Kxh2 Rf3 48. Rxf3 gxf3 49. Kg3 Ke4 50. Kf2 Kf4 51. Kf1 f2 52.
Kxf2 1/2-1/2

[Event "2nd IMSA Basque 2017"]
[Site "Huai'an CHN"]
[Date "2017.12.14"]
[Round "1.2"]
[White "Wang, Hao"]
[Black "Artemiev, Vladislav"]
[Result "1-0"]
[WhiteTitle "GM"]
[BlackTitle "GM"]
[WhiteElo "2709"]
[BlackElo "2691"]
[WhiteFideId "8602883"]
[BlackFideId "24101605"]
[EventDate "2017.12.14"]

1. e4 c5 2. Nf3 e6 3. d4 cxd4 4. Nxd4 Nc6 5. Nc3 a6 6. Be2 Nxd4 7. Qxd4 Ne7 8.
Bf4 Nc6 9. Qd2 b5 10. a3 Bb7 11. O-O Rc8 12. Rad1 Be7 13. Rfe1 Na5 14. Qe3 O-O
15. Qg3 Kh8 16. Rd2 Bh4 17. Qe3 d5 18. Red1 Nc4 19. Bxc4 Rxc4 20. Be5 f6 21. Bg3
Bg5 22. f4 Bh6 23. b3 Rc8 24. exd5 exd5 25. Nxd5 Bxd5 26. Rxd5 Qc7 27. R1d2 Rfe8
28. Qd4 Qe7 29. Rd6 a5 30. h3 a4 31. Kh2 axb3 32. cxb3 Qb7 33. Qb4 Qa7 34. R6d5
Qe3 35. R2d3 Qc1 36. Rxb5 Qb1 37. Rc3 Rcd8 38. Bf2 Rd1 39. Re3 Rh1+ 40. Kg3 Qg6+
41. Kf3 Rg8 42. Qc4 f5 43. Re7 Qh5+ 44. Ke3 Rd8 45. Rd5 Rb8 46. Qd3 Rg8 47. Qd4
Rb1 48. b4 Rb3+ 49. Kd2 Rxa3 50. Rd8 Ra8 51. Red7 Bxf4+ 52. Kc3 Rc8+ 53. Rxc8
Rxc8+ 54. Kb3 Qg5 55. Bh4 1-0

[Event "2nd IMSA Basque 2017"]
[Site "Huai'an CHN"]
[Date "2017.12.14"]
[Round "2.1"]
[White "Wang, Hao"]
[Black "Harikrishna, Pentala"]
[Result "1/2-1/2"]
[WhiteTitle "GM"]
[BlackTitle "GM"]
[WhiteElo "2709"]
[BlackElo "2744"]
[WhiteFideId "8602883"]
[BlackFideId "5007003"]
[EventDate "2017.12.14"]

1. d4 Nf6 2. c4 e6 3. Nf3 d5 4. g3 dxc4 5. Bg2 c5 6. O-O Nc6 7. Qa4 Bd7 8. Qxc4
b5 9. Qc3 b4 10. Qd3 Rc8 11. dxc5 Bxc5 12. Be3 Bxe3 13. Qxe3 O-O 14. Nbd2 e5 15.
Nb3 e4 16. Nfd4 Nxd4 17. Nxd4 Qb6 18. Qd2 h5 19. h3 Rfe8 20. e3 Nh7 21. Rfc1 Ng5
22. h4 Rxc1+ 23. Rxc1 Nh7 24. Nc2 Nf6 25. Nxb4 Rb8 26. a3 a5 27. Nd5 Nxd5 28.
Qxd5 Qxb2 29. Rd1 Bg4 30. Rd4 Qc1+ 31. Kh2 Qxa3 32. Bxe4 Re8 33. Qb5 Qe7 34.
Qxa5 Qf6 35. Qd2 g6 36. Bg2 Kg7 37. Rf4 Qe5 38. Bd5 Re7 39. Rd4 Ra7 40. Re4 Qf6
41. Rf4 Qe5 42. Bg2 Be6 43. Qd4 Qxd4 44. exd4 Ra5 45. Bf3 Ra2 46. Kg2 Ra5 47.
Re4 Kf6 48. Re3 Ra4 49. Rd3 Bf5 50. Rd1 Ke6 51. Kf1 Ra2 52. Ke1 Ra3 53. Bb7 Kd6
54. Bg2 Bg4 55. Rc1 Rd3 56. d5 Bf3 57. Bxf3 Rxf3 58. Ke2 Rf5 59. Rc6+ Kd7 60.
Rc5 Kd6 61. Rc6+ Kd7 62. Rc5 1/2-1/2

[Event "2nd IMSA Basque 2017"]
[Site "Huai'an CHN"]
[Date "2017.12.14"]
[Round "2.2"]
[White "Harikrishna, Pentala"]
[Black "Wang, Hao"]
[Result "1/2-1/2"]
[WhiteTitle "GM"]
[BlackTitle "GM"]
[WhiteElo "2744"]
[BlackElo "2709"]
[WhiteFideId "5007003"]
[BlackFideId "8602883"]
[EventDate "2017.12.14"]

1. e4 e5 2. Nf3 Nc6 3. Bb5 Nf6 4. d3 Bc5 5. O-O Nd4 6. Nxd4 Bxd4 7. Nd2 c6 8.
Ba4 d6 9. Nf3 Bb6 10. c3 h6 11. Re1 O-O 12. h3 Re8 13. Bc2 d5 14. d4 Nxe4 15.
Bxe4 dxe4 16. Nxe5 Bf5 17. Bf4 Qf6 18. Bg3 c5 19. Nc4 cxd4 20. Nxb6 Qxb6 21.
Qxd4 Qxb2 22. Reb1 Qe2 23. Rxb7 e3 24. Qf4 Qa6 25. Rc7 e2 26. Re1 Bg6 27. Qc4
Qxc4 28. Rxc4 Bc2 29. Rd4 Rac8 30. c4 Bd1 31. Bd6 Rc6 32. c5 Ra6 33. Rd2 Re4 34.
Rb2 Rea4 35. Rb8+ Kh7 36. Rb7 Kg6 37. g4 Rxa2 38. f4 Rc2 39. Kf2 Ra3 40. h4 Rcc3
41. f5+ Kf6 42. Be7+ Ke5 43. Bd6+ Ke4 44. Re7+ Kd3 45. Rxf7 Kd2 46. Bf4+ Kc2 47.
Rxe2+ Bxe2 48. Kxe2 Rc4 49. Bd6 Re4+ 50. Kf2 Kd2 51. Re7 Rxg4 52. c6 Ra5 53.
Re2+ Kd3 54. Re3+ Kd2 55. Re2+ Kd3 56. Re3+ Kd2 57. Re2+ Kd3 1/2-1/2

[Event "2nd IMSA Basque 2017"]
[Site "Huai'an CHN"]
[Date "2017.12.14"]
[Round "2.1"]
[White "Yu, Yangyi"]
[Black "Grischuk, Alexander"]
[Result "1/2-1/2"]
[WhiteTitle "GM"]
[BlackTitle "GM"]
[WhiteElo "2751"]
[BlackElo "2772"]
[WhiteFideId "8603820"]
[BlackFideId "4126025"]
[EventDate "2017.12.14"]

1. d4 Nf6 2. c4 g6 3. Nf3 Bg7 4. g3 c6 5. Bg2 d5 6. Qa4 O-O 7. O-O dxc4 8. Qxc4
Bf5 9. Nc3 Nbd7 10. Re1 Nb6 11. Qb3 Be6 12. Qd1 Nfd5 13. Ne4 Qc8 14. Neg5 Rd8
15. e4 Nc7 16. Bf4 Nb5 17. d5 cxd5 18. Rc1 Qd7 19. Ne5 Bxe5 20. Bxe5 dxe4 21.
Qxd7 Bxd7 22. Nxe4 Bc6 23. b3 Rac8 24. Bh3 Bd7 25. Bg2 Rxc1 26. Rxc1 Bc6 27. Nc5
Bxg2 28. Kxg2 Rc8 29. Bb2 Nd6 30. Nd3 Rxc1 31. Bxc1 Nd5 32. f3 f6 33. Bd2 Kf7
34. Kf2 e5 35. Ke2 b6 36. Nf2 Ke6 37. Kd3 f5 38. a4 a6 39. Be1 Nf6 40. Ke2 e4
41. Nh3 exf3+ 42. Kxf3 Nde4 43. Nf4+ Ke5 44. Nd3+ Kd4 45. Nb4 a5 46. Nc6+ Kd5
47. Ne7+ Kd6 48. Nc8+ Kc7 49. Na7 Nd6 50. Kf4 Nf7 51. Nb5+ Kd7 52. Nc3 Ke6 53.
Bf2 Nd7 54. h4 h6 55. Bd4 g5+ 56. hxg5 hxg5+ 57. Ke3 Nd6 58. Kf3 Nc5 59. Be3 g4+
60. Kf4 Nd3+ 61. Kg5 Nf7+ 62. Kh5 Nc5 63. Ne2 Nxb3 64. Bxb6 Nd6 65. Kg6 Nc4 66.
Bc7 Nc5 67. Nd4+ Kd7 68. Bxa5 f4 69. Be1 Nd3 70. Kg5 f3 71. Kxg4 Nce5+ 72. Kf5
Nxe1 73. Nxf3 N5xf3 74. a5 Nd4+ 75. Kf6 Nef3 76. a6 Kc7 77. g4 Kb6 78. g5 Nxg5
79. Kxg5 Kxa6 1/2-1/2

[Event "2nd IMSA Basque 2017"]
[Site "Huai'an CHN"]
[Date "2017.12.14"]
[Round "2.2"]
[White "Grischuk, Alexander"]
[Black "Yu, Yangyi"]
[Result "1-0"]
[WhiteTitle "GM"]
[BlackTitle "GM"]
[WhiteElo "2772"]
[BlackElo "2751"]
[WhiteFideId "4126025"]
[BlackFideId "8603820"]
[EventDate "2017.12.14"]

1. e4 e5 2. Nf3 Nf6 3. Nxe5 d6 4. Nf3 Nxe4 5. Bd3 Nf6 6. O-O Be7 7. c3 O-O 8.
Bc2 c5 9. d4 Be6 10. Bg5 Nbd7 11. Nbd2 h6 12. Bh4 Re8 13. Re1 Qb6 14. Qb1 Bf8
15. a4 Bd5 16. Rxe8 Rxe8 17. a5 Qc7 18. Qd1 Bc6 19. Bf5 g6 20. Bd3 Bg7 21. Qb3
Bd5 22. Bc4 Bxc4 23. Nxc4 Qc6 24. Ne3 Ne4 25. Rd1 Ndf6 26. Bxf6 Nxf6 27. h3 b5
28. axb6 axb6 29. d5 Qc7 30. Qb5 Rb8 31. Nd2 h5 32. Ndc4 Qe7 33. Qc6 Ne4 34.
Nxb6 Bh6 35. Nec4 Qh4 36. Rf1 Bf4 37. Qd7 Kg7 38. Nc8 Qf6 39. g3 Be5 40. h4 Rb3
41. Kg2 Bxc3 42. N8xd6 Nxd6 43. Nxd6 Qe5 44. Qxf7+ Kh6 45. Qf8+ Qg7 46. Qf4+ Kh7
47. bxc3 Rxc3 48. Ne4 Rb3 49. Ng5+ Kg8 50. Re1 Qd7 51. Qf6 Qxd5+ 52. Kh2 Rb8 53.
Re7 1-0

[Event "2nd IMSA Basque 2017"]
[Site "Huai'an CHN"]
[Date "2017.12.14"]
[Round "2.1"]
[White "Korobov, Anton"]
[Black "Andreikin, Dmitry"]
[Result "0-1"]
[WhiteTitle "GM"]
[BlackTitle "GM"]
[WhiteElo "2652"]
[BlackElo "2712"]
[WhiteFideId "14105730"]
[BlackFideId "4158814"]
[EventDate "2017.12.14"]

1. d4 d5 2. c4 dxc4 3. e4 b5 4. a4 c6 5. Nc3 a6 6. Nf3 e6 7. Be2 Nf6 8. axb5
cxb5 9. Nxb5 axb5 10. Rxa8 Bb7 11. Ra1 Bb4+ 12. Bd2 Bxd2+ 13. Qxd2 Nxe4 14. Qa5
Qd5 15. Qc7 O-O 16. Ra7 Nd6 17. O-O Nc6 18. Raa1 Nxd4 19. Rfe1 N6f5 20. Bd1 Rc8
21. Qb6 g5 22. Ra7 g4 23. Qxb7 Qxb7 24. Rxb7 gxf3 25. Bxf3 b4 26. Bh5 c3 27.
Bxf7+ Kf8 28. bxc3 bxc3 29. Bh5 c2 30. Rc1 e5 31. Kf1 Nd6 32. Rxh7 Rc3 33. Ra7
Nc4 34. Bd1 Nd2+ 35. Ke1 N2b3 36. Ra3 cxd1=Q+ 0-1

[Event "2nd IMSA Basque 2017"]
[Site "Huai'an CHN"]
[Date "2017.12.14"]
[Round "2.2"]
[White "Andreikin, Dmitry"]
[Black "Korobov, Anton"]
[Result "0-1"]
[WhiteTitle "GM"]
[BlackTitle "GM"]
[WhiteElo "2712"]
[BlackElo "2652"]
[WhiteFideId "4158814"]
[BlackFideId "14105730"]
[EventDate "2017.12.14"]

1. Nf3 d5 2. e3 g6 3. c4 Nf6 4. cxd5 Nxd5 5. d4 Bg7 6. e4 Nb6 7. Nc3 O-O 8. Be3
Bg4 9. Be2 Nc6 10. d5 Bxf3 11. gxf3 Ne5 12. Qb3 c6 13. f4 Ned7 14. O-O-O Bxc3
15. dxc6 Bxb2+ 16. Kxb2 bxc6 17. Ka1 Rb8 18. Qa3 e6 19. Bd4 Qh4 20. Qg3 Qe7 21.
h4 c5 22. Qa3 Na4 23. Rb1 Rxb1+ 24. Rxb1 Qxh4 25. Qxa4 cxd4 26. Qxd7 Qxf2 27.
Ba6 Qe3 28. Qc7 Qxe4 29. Qxa7 Qxf4 30. Qc5 h5 31. Bd3 h4 32. Rf1 Qg4 33. a4 h3
34. Qe5 Qg2 35. Qe4 Qg5 36. Qxd4 h2 37. Rh1 Rd8 38. Qb2 Rxd3 39. Qxh2 Qf6+ 40.
Ka2 e5 41. Qb2 Qd6 42. Rc1 Kg7 43. Rc3 Rd4 44. Qb3 e4 45. a5 Rd2+ 46. Kb1 Qa6
47. Rc7 Qf1+ 48. Rc1 Qd3+ 49. Qxd3 Rxd3 50. Kb2 e3 51. Ra1 e2 52. Kc2 Rd5 53. a6
Ra5 0-1

[Event "2nd IMSA Basque 2017"]
[Site "Huai'an CHN"]
[Date "2017.12.14"]
[Round "2.2"]
[White "Le, Quang Liem"]
[Black "Ivanchuk, Vassily"]
[Result "1-0"]
[WhiteTitle "GM"]
[BlackTitle "GM"]
[WhiteElo "2737"]
[BlackElo "2726"]
[WhiteFideId "12401137"]
[BlackFideId "14100010"]
[EventDate "2017.12.14"]

1. d4 f5 2. c4 Nf6 3. Nf3 d6 4. Nc3 g6 5. Bf4 Bg7 6. e3 c6 7. h3 O-O 8. Bh2 h6
9. Be2 Be6 10. O-O Nbd7 11. Qc2 Bf7 12. Rad1 Re8 13. Rfe1 Qb6 14. b3 a5 15. Bf1
Rad8 16. e4 fxe4 17. Nxe4 Nxe4 18. Rxe4 Nf6 19. Re3 g5 20. Rde1 Qc7 21. Bd3 Qd7
22. Nd2 b5 23. Bf5 e6 24. Bg6 Bxg6 25. Qxg6 Qf7 26. Qd3 b4 27. Qe2 d5 28. Rxe6
Rxe6 29. Qxe6 Re8 30. Qxf7+ Kxf7 31. Kf1 Rxe1+ 32. Kxe1 Nd7 33. cxd5 cxd5 34.
Nf3 Ke6 35. Bc7 1-0

[Event "2nd IMSA Basque 2017"]
[Site "Huai'an CHN"]
[Date "2017.12.14"]
[Round "2.1"]
[White "Mamedov, Rauf"]
[Black "Artemiev, Vladislav"]
[Result "1-0"]
[WhiteTitle "GM"]
[BlackTitle "GM"]
[WhiteElo "2709"]
[BlackElo "2691"]
[WhiteFideId "13401653"]
[BlackFideId "24101605"]
[EventDate "2017.12.14"]

1. e4 c6 2. Nc3 d5 3. Nf3 dxe4 4. Nxe4 Nd7 5. Bc4 Ngf6 6. Neg5 Nd5 7. d4 g6 8.
Qe2 h6 9. Ne4 Bg7 10. Nd6+ Kf8 11. Nxc8 Rxc8 12. Bb3 e6 13. Bd2 Bf6 14. c4 Ne7
15. Bc3 Kg7 16. O-O Re8 17. Rfe1 a6 18. a4 Qb6 19. Bc2 c5 20. Rad1 cxd4 21. Rxd4
Nb8 22. Qd2 Nf5 23. Bxf5 gxf5 24. Rd6 Qc5 25. Bxf6+ Kxf6 26. Qxh6+ Ke7 27.
Rexe6+ fxe6 28. Qxe6+ Kf8 29. Qh6+ Kf7 30. Qh7+ 1-0

[Event "2nd IMSA Basque 2017"]
[Site "Huai'an CHN"]
[Date "2017.12.14"]
[Round "2.12"]
[White "Artemiev, Vladislav"]
[Black "Mamedov, Rauf"]
[Result "1/2-1/2"]
[WhiteTitle "GM"]
[BlackTitle "GM"]
[WhiteElo "2691"]
[BlackElo "2709"]
[WhiteFideId "24101605"]
[BlackFideId "13401653"]
[EventDate "2017.12.14"]

1. d4 d5 2. c4 c6 3. cxd5 cxd5 4. Bg5 Nc6 5. Nc3 h6 6. Bh4 g5 7. Bg3 Bg7 8. e3
Nf6 9. Bb5 Bf5 10. Nf3 O-O 11. Bxc6 bxc6 12. O-O Nd7 13. Rc1 Bg4 14. Na4 Rc8 15.
Nc5 Re8 16. h3 Bh5 17. Nxd7 Qxd7 18. Ne5 Bxe5 19. Qxh5 Bxg3 20. fxg3 Qe6 21. Rc3
Kg7 22. Qe2 Qd6 23. Qf2 f6 24. h4 Qd7 25. Qf3 Rg8 26. e4 gxh4 27. gxh4 Kh7 28.
Re1 Rce8 29. Qf5+ Qxf5 30. exf5 Rg4 31. Rce3 Rxh4 32. Rxe7+ Rxe7 33. Rxe7+ Kg8
34. Re6 Rxd4 35. Rxf6 h5 36. Rxc6 Rd2 37. Ra6 Rxb2 38. Rxa7 d4 39. Kh2 d3 40. a4
Rb4 41. Rd7 Rxa4 42. Rxd3 Rf4 43. Rd5 Kf7 44. Kg3 Rg4+ 45. Kf3 Kf6 46. g3 Rg5
47. Kf4 Rg4+ 48. Kf3 Rg5 49. Rd6+ Kxf5 50. Rh6 Ke5 51. Kg2 Ke4 52. Kh3 Kf5 53.
Ra6 Ke5 54. Ra3 Kf6 55. Kh4 Rb5 56. Ra6+ Kg7 57. Re6 Ra5 1/2-1/2

[Event "2nd IMSA Basque 2017"]
[Site "Huai'an CHN"]
[Date "2017.12.14"]
[Round "3.1"]
[White "Harikrishna, Pentala"]
[Black "Grischuk, Alexander"]
[Result "1/2-1/2"]
[WhiteTitle "GM"]
[BlackTitle "GM"]
[WhiteElo "2744"]
[BlackElo "2772"]
[WhiteFideId "5007003"]
[BlackFideId "4126025"]
[EventDate "2017.12.14"]

1. e4 e5 2. Nf3 Nc6 3. Bb5 Nf6 4. O-O Nxe4 5. Re1 Nd6 6. Nxe5 Be7 7. Bf1 Nxe5 8.
Rxe5 O-O 9. Nc3 Ne8 10. Nd5 Bd6 11. Re1 c6 12. Ne3 Be7 13. c4 Nc7 14. d4 d5 15.
cxd5 Bb4 16. Bd2 Bxd2 17. Qxd2 Nxd5 18. Nxd5 Qxd5 19. Re5 Qd6 20. Bc4 Bd7 21.
Rae1 b5 22. Bb3 a5 23. a3 a4 24. Ba2 Rae8 25. Qc3 Rxe5 26. Rxe5 Re8 27. Rxe8+
Bxe8 28. h3 h6 29. Bb1 Qe6 30. Qe3 Bd7 31. Qxe6 Bxe6 32. Be4 Bd7 33. h4 Kf8 34.
f4 Ke7 35. Kf2 Kd6 36. Ke3 f6 37. g3 Be6 38. Bd3 Bd5 39. Kd2 Kc7 40. Kc3 Kb6 41.
Kb4 Bf3 42. Bc2 Bd5 43. Bd1 Be4 44. b3 axb3 45. Bxb3 Bf3 46. Bc2 Bd5 47. Bd1 Be4
48. Bb3 Bf3 49. Bc2 Bd5 1/2-1/2